| 000 | 00437cam a2200157ua 4500 | ||
|---|---|---|---|
| 003 | OSt | ||
| 008 | 250528b |||||||| |||| 00| 0 eng d | ||
| 041 | _aeng | ||
| 082 |
_a624.17 _bMUT/ST |
||
| 100 |
_aMurthy, V.S.R; . _97512 |
||
| 245 | _aStructure and properties of engineering materials / | ||
| 260 |
_aNew Delhi : _bTata Mc-Graw Hill Publishing Company , _c2003. |
||
| 300 | _a ; . | ||
| 700 | 1 |
_aGupta, K.P . _97513 |
|
| 942 | _cBK | ||
| 999 |
_c12965 _d12965 |
||